000 00330nam a2200109Ia 4500
008 151001s9999||||xx |||||||||||||| ||und||
100 _aध रा गाला
245 _aमधुमेह व उच्च रक्तदाब दूर
260 _bगाला पब्लिशर्स
300 _a171
365 _b21
999 _c969914
_d969911